000
00272nam a22001217a 4500
008
170817b xxu||||| |||| 00| 0 eng d
041
_a
eng
080
_a
621.38
100
_a
27
101
_a
IM
245
_a
DIGITAL CIRCUITS AND LOGIC DESIGN
_c
LEE,S.C
942
_2
udc
_c
BK
999
_c
23811
_d
23811